00317nam a2200133Ia 4500008004100000100003500041245002600076250001300102260002300115300000900138650001200147942000700159999001700166190216s9999||||xx |||||||||||||| ||und|| aSubrahmanyanan. N And Brijlal 0aPrinciples Of Physics a14th Ed. bS Chand & Coc1986 a1095 aPhysics cBK c33039d33039